Un esquema moderno de la química inorgánica / (Registro nro. 7919)

Detalles MARC
000 -CABECERA
Campo de control interno 01765nam a2200253Ia 4500
008 - ELEMENTOS DE LONGITUD FIJA - INFORMACIÓN GENERAL
Campo de control de longitud fija 260220t1969||||xx |||||||||||||| ||spa||
040 ## - FUENTE DE CATALOGACIÓN
Agencia de catalogación original PY-SlUNAC
Idioma de catalogación spa
Convenciones de descripción rda
041 ## - CÓDIGO DE IDIOMA
Código de idioma para texto/pista de sonido o título separado spa
082 ## - NÚMERO DE CLASIFICACIÓN DECIMAL DEWEY
Clasificación Decimal Dewey (CDD) 546
Clasificación Expansiva de Cutter (EC) B413e
100 ## - ASIENTO PRINCIPAL - NOMBRE PERSONAL
Nombre personal Bell, C. F.
Rol del autor Autor
245 #0 - TÍTULO
Título Un esquema moderno de la química inorgánica /
Mención de responsabilidad por C. F. Bell [Autor] y K. A. K. Lott [Autor]
264 ## - PIE DE IMPRENTA
Lugar Madrid :
Editorial Alhambra,
Año ℗1969.
300 ## - DESCRIPCIÓN FÍSICA
Páginas 1 volumen
520 ## - NOTA DE RESUMEN
Nota de resumen En "Un esquema moderno de la química inorgánica", C. F. Bell presenta un enfoque sistemático y actualizado sobre los principios y conceptos fundamentales de la química inorgánica. El autor organiza el contenido en secciones que abordan desde la estructura atómica y las propiedades de los elementos, hasta las reacciones y compuestos inorgánicos más relevantes. A través de un lenguaje claro y didáctico, Bell enfatiza la interrelación entre la teoría y la práctica, proporcionando ejemplos ilustrativos que facilitan la comprensión de los fenómenos químicos. Además, incluye discusiones sobre la aplicación de la química inorgánica en diversas áreas, como la industria y la tecnología, destacando su relevancia en contextos contemporáneos. La obra es un recurso valioso para estudiantes y profesionales interesados en profundizar en la materia, ya que no solo cubre aspectos teóricos, sino que también fomenta el pensamiento crítico y la investigación en el campo de la química inorgánica.
653 ## - MATERIA - TÉRMINO TEMÁTICO NO CONTROLADO (PALABRAS CLAVE)
Materia - término temático no controlado (palabras clave) Educación científica
653 ## - MATERIA - TÉRMINO TEMÁTICO NO CONTROLADO (PALABRAS CLAVE)
Materia - término temático no controlado (palabras clave) Química
653 ## - MATERIA - TÉRMINO TEMÁTICO NO CONTROLADO (PALABRAS CLAVE)
Materia - término temático no controlado (palabras clave) Química inorgánica
700 ## - ENTRADA SECUNDARIA - AUTOR PERSONAL
Nombre personal Lott, K. A. K.
Rol del autor Autor
942 ## - ELEMENTOS PERSONALIZADOS (KOHA)
Fecha catalogación 2026/02/17
Tipo de documento Libros
Existencias
Fuente de Clasificacion Colección Ubicacion permanente Biblioteca actual Fecha de Ingreso a la Biblioteca Origen de adquisición Código de ubicación Código de barras Tipo de Item KOHA Nota pública
Dewey Decimal Classification Colección General (CG) Biblioteca e Internet, Facultad de Ciencias Exactas y Naturales Biblioteca e Internet, Facultad de Ciencias Exactas y Naturales 02/20/2026 Donación 546 B413e CG1279 Libros Material disponible en la Biblioteca e Intenet, Campus UNA, San Lorenzo.